| 000 | 00732 a2200193 4500 | ||
|---|---|---|---|
| 020 | _a0821836331 | ||
| 020 | _a9780821836330 | ||
| 082 | _a512.7 | ||
| 090 |
_c1223 _d1223 |
||
| 100 | 1 | _aIwaniec, Henryk. | |
| 245 | 1 | 0 |
_aAnalytic number theory / _cHenryk Iwaniec, Emmanuel Kowalski. |
| 260 |
_a[S.l.] : _bAmerican Mathematical Society, _c2004. |
||
| 300 |
_a615 p. ; _c26 cm. |
||
| 490 | 1 |
_aColloquium publications ; _vVol. 53) (colloquium publications (amer mathematical soc) |
|
| 700 | 1 | _aKowalski, Emmanuel. | |
| 830 | 0 | _aColloquium publications ; | |
| 942 |
_aSNS _cBK _k512.7 IWA |
||
| 999 |
_c29836 _d29836 |
||